Ekonomika spoločného stravovania vybrané kapitoly

Gespeichert in:
Bibliographische Detailangaben
1. Verfasser: Sniščák, Vincent
Körperschaft: Vysoká škola ekonomická v Bratislave. Obchodná fakulta
Format: Buch
Sprache:Slowakisch
Veröffentlicht: Bratislava VŠE 1976
Tags: Tag hinzufügen
Keine Tags, Fügen Sie das erste Tag hinzu!

MARC

LEADER 00000nam a2200000 4500
001 c130959
005 20230116103246.6
041 0 |a slo 
044 |a SK 
245 1 0 |a Ekonomika spoločného stravovania  |b vybrané kapitoly  |c Vincent Sniščák 
264 1 |a Bratislava  |b VŠE  |c 1976 
300 |a 193 s. 
100 1 |a Sniščák, Vincent 
710 2 |a Vysoká škola ekonomická v Bratislave. Obchodná fakulta